000 00609cam a22002293a 4500
001 1253
003 PGUSA
005 20140828082959.0
008 060219s2006||||xxu|||||s|||||000 1 eng d
040 _aPGUSA
_beng
042 _adc
050 4 _aPQ
100 1 _aFlaubert, Gustave,
_d1821-1880
245 1 2 _aA Simple Soul
_h[electronic resource] /
_cGustave Flaubert
260 _bProject Gutenberg,
_c2006
506 _aPublic domain in the USA.
516 _aElectronic text
653 _aFiction
830 0 _aProject Gutenberg
_v1253
856 4 0 _uhttp://www.gutenberg.org/ebooks/1253
942 _cEB
999 _c230601
_d230601